Who said it? One Direction quotes - Statistics

General Stats
  • This quiz has been taken 304 times
  • The average score is 24 of 25
Answer Stats
Hint Answer % Correct
I like girls who eat carrots Louis
100%
VAS HAPPENIN Zayn
100%
London's... quite... big Harry
99%
I've always had a strange fear of spoons Liam
99%
VAS HAPPENIN SELENE Liam
98%
Niall the bad boy? give it a rest,Niall the church boy, more likely Louis
98%
POTATOOO Niall
98%
Louis you idiot! Zayn
98%
Forget what they taught you in scouts, payno, we're doing it the tommo way Louis
97%
I have a son, his name is Ishmael Harry
96%
This is a family show... or is it? Harry
96%
Come on Barbie, let's go party, ah ah ah ah yeah Niall
96%
Pranks, laughs, ah! Niall
96%
I didn't learn anything in Japan Zayn
96%
WHO DOESNT HAVE A PHONE? IT'S 2015! Harry
95%
GET OUT OF MY KITCHEN Harry
95%
"No!" Jimmy protested Louis
95%
OI OIIIIII Louis
95%
Just chillin' out in me box Niall
95%
Can anyone hear running water? Louis
93%
Let's give it up for One Addition!! Louis
93%
It said do not dial 9...so I dialed 9 Louis
93%
Dinosaurs, mate. Straight up Liam
92%
It's cool how I can make girls faint Zayn
92%
When I was 5 I sat in my uncle's wedding cake Niall
91%
No matching quizzes found
Score Distribution
Percent of People with Each Score
Percentile by Number Answered
Your Score History
You have not taken this quiz